| 000 | 00935nas a2200325 4500 | ||
|---|---|---|---|
| 001 | BR0402343 | ||
| 003 | BR-BrBNA | ||
| 005 | 20231205104526.0 | ||
| 007 | ta | ||
| 008 | 230509b bl.|||p| |||| 00| 00por d | ||
| 040 |
_aBR-BrBNA _bpor _cBiblioteca Nacional de Agricultura |
||
| 041 | _a(Pt) | ||
| 072 | _aF03 | ||
| 100 | 1 | _aKikuti, A.L.P. | |
| 100 | 1 | _aVasconcelos, R.C. de | |
| 100 | 1 | _aMarincek, A. | |
| 100 | 1 | _aFonseca, A.H. | |
| 245 | 1 | _aDesempenho de sementes de milho em relação à sua localização na espiga | |
| 650 | _aMILHO | ||
| 650 | _aSEMENTE | ||
| 650 | _aVARIEDADE | ||
| 650 | _aESPIGA | ||
| 650 | _aGENÉTICA VEGETAL | ||
| 650 | _aCRESCIMENTO | ||
| 650 | _aGERMINAÇÃO | ||
| 650 | _aTRATAMENTO DE SEMENTE | ||
| 773 | 0 |
_tCiência e Agrotecnologia (Brazil) _xISSN 1413-7054 _g(Jul-Aug 2003), v. 27(4) p. 765-770 _wBR0402343 |
|
| 909 |
_a202311 _bLúcia _c55 _dLúcia Elande |
||
| 942 |
_2AGRIS _n0 _cANA |
||
| 999 |
_c178542 _d178542 |
||